| 000 | 01731cam a2200457 a 4500 | ||
|---|---|---|---|
| 001 | 20900 | ||
| 003 | VRT | ||
| 005 | 20260206145903.0 | ||
| 008 | 190102s1967 xo g 000 f slo | ||
| 015 | _aSNBA1967/04-00574 | ||
| 020 | _q(viazané) | ||
| 035 | _aSK01SNK19670017543 | ||
| 035 | _aSKM000020006 | ||
| 039 | 9 |
_a202411051215 _bcsnk01 _c202411051212 _dcsnk01 _c201901021529 _dVLOAD _c201809051109 _dcsnk10 |
|
| 040 |
_aSNK _bslo _cSNK _eAACR2 |
||
| 041 | 1 |
_aslo _hger |
|
| 044 |
_axo _cSK |
||
| 072 | 7 |
_a821.112.2-3 _xNemecká próza, nemecky písaná _2konspekt |
|
| 080 |
_a821.112.2(494)-32 _22011 |
||
| 080 |
_a929 Meyer, Conrad Ferdinand _22011 |
||
| 100 | 1 |
_aMeyer, Conrad Ferdinand, _d1825-1898 _4aut |
|
| 240 | 1 | 0 |
_aWerke _lSlovensky |
| 245 | 1 | 0 |
_aPescarovo pokušenie a iné novely _cConrad Ferdinand Meyer ; z nemeckého originálu Werke, Bd. 3, 4 preložila, poznámky a doslov napísala Ľudmila Rampáková |
| 250 | _a1. vydanie | ||
| 260 |
_aBratislava _bTatran _c1967 _eMartin _fTlačiarne SNP |
||
| 300 |
_a332, [2] strán _c8° |
||
| 366 | _e7000 výtl. | ||
| 490 | 1 |
_aHviezdoslavova knižnica _vzv. 136. Svetový rad _vzv. 59 |
|
| 500 | _aFrontispice | ||
| 655 | 7 |
_ašvajčiarske novely (nemecky) _2SNKPH |
|
| 655 | 7 |
_aSwiss novellas (German) _2SNKPHeng |
|
| 700 | 1 |
_aRampáková, Ľudmila, _d1922-2003 _4trl _4aft |
|
| 830 | 0 | _aHviezdoslavova knižnica | |
| 942 |
_2ddc _cKLDO _n0 |
||
| 949 |
_617A0913966 _asnkSC 22571 |
||
| 949 |
_617A0036218 _9P60, <05>, [BOOK], {605} _asnkSC 22571 D1 |
||
| 949 |
_6270001000557218 _asvkbbS 31364 _bsvkbbm 166079 |
||
| 949 |
_6270001000557219 _asvkbbS 31365 _bsvkbbm 166077 |
||
| 999 |
_c20900 _d20900 |
||